000 00545nam a2200193Ia 4500
003 LK-CoDNM
005 20241217124322.0
008 121129t1955 xxu||||| |||| 00| 0 sin d
040 _aLK-CoDNM
_dLK-CoDNM
_eLK-CoDNM
041 _asin
080 _a8S-1 14/15
_bVET
100 _aDevarakshitha Batuvanthudave
245 _aගුප්තිල කාව්‍යය
246 _aGupthila Kavyaya
260 _bRathnakara Pothhala
_aColombo
_c1955
300 _b118p. : 21 cm
650 _aපුරාතන පද්‍ය
942 _cBK
999 _c75211
_d75211